[Event "XLV Badalona Open 2019"]
[Site "Badalona"]
[Date "2019.08.08"]
[Round "7.2"]
[White "Sturt, Raven"]
[Black "Perez Mitjans, Orelvis"]
[Result "1-0"]
[WhiteElo "2429"]
[BlackElo "2416"]
[Annotator "NA"]
[PlyCount "71"]
[EventDate "2019.08.02"]
[EventType "swiss"]
[EventCountry "ESP"]
[SourceTitle "playchess.com"]
[Source "ChessBase"]
[SourceQuality "1"]
[TimeControl "5400+30"]

1. d4 Nf6 {[%emt 0:06:22]} 2. c4 {[%emt 0:00:24]} g6 3. Nc3 {[%emt 0:00:39]} Bg7 {[%emt 0:00:36]} 4. e4 {[%emt 0:00:04]} d6 {[%emt 0:00:00]} 5. Nf3 {[%emt 0:00:00]} O-O {[%emt 0:00:00]} 6. Be2 e5 7. O-O {[%emt 0:00:30]} Nc6 {[%emt 0:00:25]} 8. d5 {[%emt 0:00:04]} Ne7 {[%emt 0:00:05]} 9. Ne1 {[%emt 0:00:00]} Nd7 {[%emt 0:00:31]} 10. Be3 {[%emt 0:00:00]} f5 11. f3 {[%emt 0:00:00]} f4 {[%emt 0:00:47]} 12. Bf2 {[%emt 0:00:00]} g5 {[%emt 0:03:54]} 13. Nd3 {[%emt 0:00:31]} Nf6 {[%emt 0:01:27]} 14. c5 {[%emt 0:02:21]} h5 {[%emt 0:13:43]} 15. Rc1 {[%emt 0:04:46]} Ne8 {[%emt 0:01:00]} 16. Nb5 Ng6 {[%emt 0:00:05]} 17. cxd6 {[%emt 0:03:49]} cxd6 {[%emt 0:05:11]} 18. Nxa7 {[%emt 0:18:35]} Bd7 {[%emt 0:16:47]} 19. Qb3 {[%emt 0:04:39]} Qb8 {[%emt 0:07:21]} 20. Nb5 {[%emt 0:03:43]} g4 {[%emt 0:00:48]} 21. Bb6 {[%emt 0:05:28]} Rf7 {[%emt 0:16:22]} 22. a4 {[%emt 0:11:01]} Nh4 {[%emt 0:03:42]} 23. Kh1 {[%emt 0:05:39]} Bf8 {[%emt 0:00:56]} 24. a5 {[%emt 0:02:45]} Rg7 {[%emt 0:06:45]} 25. Rg1 {[%emt 0:03:42]} Kh8 {[%emt 0:01:44]} 26. Rc3 {[%emt 0:04:06]} Be7 {[%emt 0:01:26]} 27. Ne1 {[%emt 0:01:45]} Bd8 {[%emt 0:02:05]} 28. g3 {[%emt 0:01:39]} Ng6 {[%emt 0:01:31]} 29. Na3 {[%emt 0:01:14]} Nf6 {[%emt 0:01:26]} 30. Nc4 gxf3 {[%emt 0:00:02]} 31. Bxf3 {[%emt 0:00:38]} Bg4 {[%emt 0:01:38]} 32. Qb4 {[%emt 0:02:26]} Bxf3+ {[%emt 0:06:34]} 33. Rxf3 Bxb6 {[%emt 0:00:01]} 34. Nxb6 {[%emt 0:01:15]} Ra6 {[%emt 0:01:12]} 35. Nd3 {[%emt 0:00:54]} fxg3 36. Rxf6 1-0

[Event "XLV Badalona Open 2019"]
[Site "Badalona"]
[Date "2019.08.08"]
[Round "7.3"]
[White "Lopez Gonzalez, Abel Fabian"]
[Black "Hernandez, Cristian Andres"]
[Result "1/2-1/2"]
[WhiteElo "2355"]
[BlackElo "2355"]
[Annotator "NA"]
[PlyCount "79"]
[EventDate "2019.08.02"]
[EventType "swiss"]
[EventCountry "ESP"]
[SourceTitle "playchess.com"]
[Source "ChessBase"]
[SourceQuality "1"]
[TimeControl "5400+30"]

1. d4 Nf6 2. c4 {[%emt 0:07:20]} e6 {[%emt 0:00:00]} 3. Nc3 {[%emt 0:00:00]} Bb4 {[%emt 0:00:02]} 4. Qc2 {[%emt 0:00:00]} c5 {[%emt 0:01:09]} 5. dxc5 {[%emt 0:00:20]} O-O {[%emt 0:00:06]} 6. a3 {[%emt 0:00:12]} Bxc5 {[%emt 0:04:35]} 7. Nf3 {[%emt 0:01:20]} Qb6 {[%emt 0:00:15]} 8. e3 {[%emt 0:06:17]} Be7 {[%emt 0:07:03]} 9. Bd3 {[%emt 0:00:24]} d6 {[%emt 0:00:44]} 10. O-O {[%emt 0:00:19]} Nbd7 {[%emt 0:00:31]} 11. b4 {[%emt 0:04:36]} a6 {[%emt 0:00:14]} 12. Bb2 {[%emt 0:01:10]} Qc7 {[%emt 0:01:35]} 13. Rac1 {[%emt 0:07:05]} b6 {[%emt 0:00:32]} 14. Ng5 {[%emt 0:00:17]} h6 {[%emt 0:03:12]} 15. Nh7 {[%emt 0:00:10]} Rd8 {[%emt 0:00:44]} 16. Nxf6+ Nxf6 {[%emt 0:00:21]} 17. Ne4 {[%emt 0:00:46]} Nxe4 {[%emt 0:00:30]} 18. Bxe4 {[%emt 0:02:20]} Bb7 {[%emt 0:02:24]} 19. Bh7+ {[%emt 0:00:18]} Kh8 {[%emt 0:13:31]} 20. Bd3 {[%emt 0:19:21]} a5 {[%emt 0:29:48]} 21. e4 {[%emt 0:03:31]} e5 {[%emt 0:04:34]} 22. Qb3 {[%emt 0:03:03]} Bc6 {[%emt 0:02:40]} 23. Bc3 {[%emt 0:25:08]} Bd7 {[%emt 0:06:03]} 24. c5 {[%emt 0:01:22]} dxc5 {[%emt 0:03:59]} 25. bxa5 {[%emt 0:00:53]} Be6 {[%emt 0:00:18]} 26. Bc4 {[%emt 0:00:05]} Bxc4 {[%emt 0:04:35]} 27. Qxc4 {[%emt 0:01:19]} f6 {[%emt 0:00:06]} 28. axb6 {[%emt 0:01:56]} Qxb6 {[%emt 0:02:23]} 29. a4 {[%emt 0:02:46]} Qa6 {[%emt 0:00:12]} 30. Qf7 {[%emt 0:01:05]} Bf8 {[%emt 0:02:41]} 31. a5 {[%emt 0:02:04]} Ra7 {[%emt 0:03:05]} 32. Qg6 {[%emt 0:01:52]} Rad7 {[%emt 0:00:30]} 33. Bxe5 {[%emt 0:01:18]} Qe2 {[%emt 0:01:04]} 34. Rce1 {[%emt 0:00:44]} Qd2 {[%emt 0:01:39]} 35. Ba1 {[%emt 0:00:20]} Qxa5 {[%emt 0:00:48]} 36. e5 {[%emt 0:00:07]} fxe5 {[%emt 0:00:41]} 37. Bxe5 {[%emt 0:02:06]} Kg8 {[%emt 0:00:30]} 38. h4 {[%emt 0:00:53]} Qa2 {[%emt 0:00:57]} 39. h5 {[%emt 0:00:38]} Qf7 {[%emt 0:03:16]} 40. Qg4 1/2-1/2

[Event "XLV Badalona Open 2019"]
[Site "Badalona"]
[Date "2019.08.08"]
[Round "7.4"]
[White "Mascaro March, Pedro"]
[Black "Munoz, Miguel"]
[Result "1/2-1/2"]
[WhiteElo "2376"]
[BlackElo "2511"]
[Annotator "ChessBase"]
[PlyCount "81"]
[EventDate "2019.08.02"]
[EventType "swiss"]
[EventCountry "ESP"]
[SourceTitle "playchess.com"]
[Source "ChessBase"]
[SourceQuality "1"]
[TimeControl "5400+30"]

1. d4 {[%emt 0:00:00]} Nf6 {[%emt 0:00:00]} 2. Nf3 {[%emt 0:00:00]} c5 {[%emt 0:00:10]} 3. e3 {[%emt 0:02:17]} g6 {[%emt 0:00:52]} 4. dxc5 {[%emt 0:00:29]} Qa5+ {[%emt 0:02:01]} 5. Nbd2 {[%emt 0:01:20]} Bg7 6. a3 {[%emt 0:00:13]} Qxc5 {[%emt 0:08:29]} 7. b4 Qc7 {[%emt 0:00:05]} 8. Bb2 {[%emt 0:00:34]} O-O {[%emt 0:00:00]} 9. c4 {[%emt 0:01:01]} Nc6 {[%emt 0:00:51]} 10. Be2 {[%emt 0:00:24]} d6 {[%emt 0:00:46]} 11. O-O {[%emt 0:01:40]} Bf5 {[%emt 0:00:56]} 12. Rc1 {[%emt 0:02:41]} a5 {[%emt 0:01:55]} 13. b5 {[%emt 0:10:11]} Nb8 {[%emt 0:01:04]} 14. Nd4 {[%emt 0:14:46]} Bc8 {[%emt 0:13:50]} 15. Nb1 {[%emt 0:04:20]} e5 {[%emt 0:01:13]} 16. Nb3 {[%emt 0:01:29]} a4 {[%emt 0:02:25]} 17. N3d2 {[%emt 0:00:32]} Nbd7 {[%emt 0:03:07]} 18. Nc3 {[%emt 0:00:37]} Nc5 {[%emt 0:03:28]} 19. e4 {[%emt 0:01:29]} Qd8 {[%emt 0:06:08]} 20. Qc2 {[%emt 0:01:13]} Bh6 {[%emt 0:01:32]} 21. Rcd1 {[%emt 0:07:40]} Be6 {[%emt 0:03:53]} 22. Rfe1 {[%emt 0:05:38]} Nfd7 {[%emt 0:05:02]} 23. Nf3 {[%emt 0:19:48]} Qe7 {[%emt 0:04:09]} 24. h3 {[%emt 0:01:22]} Nb6 {[%emt 0:01:40]} 25. Nd5 {[%emt 0:00:51]} Nxd5 {[%emt 0:09:41]} 26. cxd5 {[%emt 0:00:26]} Bxh3 {[%emt 0:00:22]} 27. gxh3 {[%emt 0:02:14]} Rac8 {[%emt 0:00:33]} 28. Bc4 {[%emt 0:04:40]} Bf4 {[%emt 0:01:40]} 29. Qe2 f5 {[%emt 0:00:05]} 30. exf5 {[%emt 0:01:47]} Rxf5 {[%emt 0:07:45]} 31. Bd4 Qd7 {[%emt 0:00:06]} 32. Bxc5 {[%emt 0:03:55]} Rh5 {[%emt 0:00:21]} 33. Qf1 {[%emt 0:01:43]} Rxc5 {[%emt 0:00:30]} 34. Re4 {[%emt 0:02:27]} Qf5 {[%emt 0:00:53]} 35. Rde1 {[%emt 0:01:38]} Rxh3 36. Qg2 Rh5 37. Bd3 Rc3 38. Rxe5 Qxd3 39. Rxh5 Qxf3 40. Rh4 Qxg2+ 41. Kxg2 1/2-1/2

[Event "XLV Badalona Open 2019"]
[Site "Badalona"]
[Date "2019.08.08"]
[Round "7.5"]
[White "Lorenzo De La Riva, Lazaro"]
[Black "Oliva Castaneda, Kevel"]
[Result "1-0"]
[WhiteElo "2373"]
[BlackElo "2467"]
[Annotator "ChessBase"]
[PlyCount "81"]
[EventDate "2019.08.02"]
[EventType "swiss"]
[EventCountry "ESP"]
[SourceTitle "playchess.com"]
[Source "ChessBase"]
[SourceQuality "1"]
[TimeControl "5400+30"]

1. e4 {[%emt 0:00:00]} e5 {[%emt 0:00:04]} 2. Nf3 {[%emt 0:00:00]} Nc6 {[%emt 0:00:06]} 3. Bb5 {[%emt 0:00:00]} a6 {[%emt 0:00:10]} 4. Ba4 {[%emt 0:00:25]} Nf6 {[%emt 0:00:06]} 5. O-O Be7 {[%emt 0:00:08]} 6. Re1 {[%emt 0:00:51]} b5 {[%emt 0:00:06]} 7. Bb3 {[%emt 0:00:03]} d6 8. c3 {[%emt 0:00:20]} O-O {[%emt 0:00:37]} 9. h3 {[%emt 0:00:05]} Nb8 {[%emt 0:00:00]} 10. d4 {[%emt 0:00:30]} Nbd7 11. Nbd2 {[%emt 0:03:15]} Bb7 {[%emt 0:00:24]} 12. Bc2 {[%emt 0:01:01]} Re8 {[%emt 0:00:28]} 13. Nf1 {[%emt 0:00:50]} Bf8 {[%emt 0:00:09]} 14. Ng3 {[%emt 0:01:12]} g6 15. a4 {[%emt 0:00:32]} c5 {[%emt 0:00:50]} 16. d5 {[%emt 0:00:53]} c4 {[%emt 0:00:42]} 17. Bg5 Nc5 {[%emt 0:00:08]} 18. Qd2 {[%emt 0:02:23]} Be7 {[%emt 0:02:31]} 19. Be3 {[%emt 0:05:32]} Nfd7 {[%emt 0:06:47]} 20. Rf1 {[%emt 0:05:17]} Qc7 {[%emt 0:01:55]} 21. Nh2 {[%emt 0:01:25]} Nb6 {[%emt 0:00:17]} 22. axb5 {[%emt 0:00:08]} axb5 {[%emt 0:00:30]} 23. Rxa8 {[%emt 0:09:08]} Rxa8 {[%emt 0:02:31]} 24. Ng4 {[%emt 0:04:18]} Bc8 {[%emt 0:20:46]} 25. Nh6+ {[%emt 0:00:30]} Kg7 {[%emt 0:00:00]} 26. f4 {[%emt 0:06:26]} f6 {[%emt 0:07:52]} 27. f5 {[%emt 0:17:44]} Bd7 {[%emt 0:11:37]} 28. Ng4 {[%emt 0:00:30]} Be8 {[%emt 0:02:06]} 29. Bh6+ {[%emt 0:02:28]} Kf7 {[%emt 0:00:05]} 30. fxg6+ {[%emt 0:01:16]} hxg6 {[%emt 0:03:08]} 31. Nh5 {[%emt 0:21:48]} Nbd7 {[%emt 0:01:23]} 32. Bg7 {[%emt 0:00:37]} gxh5 {[%emt 0:01:07]} 33. Qh6 {[%emt 0:00:22]} hxg4 34. Bh8 Ne6 {[%emt 0:03:06]} 35. Qh7+ {[%emt 0:00:42]} Kf8 {[%emt 0:00:04]} 36. dxe6 {[%emt 0:00:00]} Bh5 {[%emt 0:01:05]} 37. Qxh5 {[%emt 0:00:14]} Kg8 {[%emt 0:00:00]} 38. Qxg4+ {[%emt 0:01:33]} Kxh8 {[%emt 0:00:20]} 39. Qh5+ {[%emt 0:00:00]} Kg8 {[%emt 0:00:22]} 40. Qf7+ {[%emt 0:00:14]} Kh8 41. Rf5 {[%emt 0:00:40]} 1-0

[Event "XLV Badalona Open 2019"]
[Site "Badalona"]
[Date "2019.08.08"]
[Round "7.6"]
[White "Becerra, Juan David"]
[Black "Berdayes Ason, Dylan Isidro"]
[Result "1/2-1/2"]
[WhiteElo "2327"]
[BlackElo "2461"]
[Annotator "ChessBase"]
[PlyCount "54"]
[EventDate "2019.08.02"]
[EventType "swiss"]
[EventCountry "ESP"]
[SourceTitle "playchess.com"]
[Source "ChessBase"]
[SourceQuality "1"]
[TimeControl "5400+30"]

1. e4 {[%emt 0:00:00]} c5 {[%emt 0:05:58]} 2. c3 Nf6 {[%emt 0:00:23]} 3. e5 {[%emt 0:00:19]} Nd5 {[%emt 0:00:00]} 4. d4 {[%emt 0:00:00]} cxd4 {[%emt 0:00:00]} 5. cxd4 {[%emt 0:00:11]} e6 {[%emt 0:01:12]} 6. Nc3 {[%emt 0:00:07]} Nxc3 {[%emt 0:02:48]} 7. bxc3 d6 {[%emt 0:00:03]} 8. Nf3 {[%emt 0:03:12]} Qc7 9. Bd2 {[%emt 0:00:29]} Nd7 {[%emt 0:00:31]} 10. exd6 {[%emt 0:00:00]} Bxd6 {[%emt 0:00:04]} 11. Bd3 {[%emt 0:02:36]} b6 {[%emt 0:01:29]} 12. O-O {[%emt 0:00:12]} Bb7 {[%emt 0:02:54]} 13. Re1 {[%emt 0:02:37]} O-O {[%emt 0:04:11]} 14. h3 {[%emt 0:14:59]} Rfe8 {[%emt 0:06:54]} 15. c4 {[%emt 0:06:23]} Bf4 16. Ne5 {[%emt 0:21:26]} Bxe5 {[%emt 0:03:17]} 17. dxe5 {[%emt 0:00:41]} Nc5 {[%emt 0:03:29]} 18. Bc2 {[%emt 0:14:05]} Rad8 {[%emt 0:20:40]} 19. Qh5 {[%emt 0:01:43]} Rxd2 {[%emt 0:01:21]} 20. Qxh7+ {[%emt 0:00:03]} Kf8 {[%emt 0:00:30]} 21. Qh8+ {[%emt 0:00:30]} Ke7 {[%emt 0:00:00]} 22. Qxg7 Rdd8 {[%emt 0:00:00]} 23. Qf6+ {[%emt 0:18:48]} Kd7 {[%emt 0:00:19]} 24. Qxf7+ {[%emt 0:01:03]} Re7 {[%emt 0:03:42]} 25. Rad1+ Kc8 {[%emt 0:00:02]} 26. Rxd8+ {[%emt 0:00:59]} Qxd8 {[%emt 0:03:19]} 27. Qf6 Qg8 1/2-1/2

[Event "XLV Badalona Open 2019"]
[Site "Badalona"]
[Date "2019.08.08"]
[Round "7.7"]
[White "Della Morte, Pablo"]
[Black "Morales, Jhon Alexander"]
[Result "1/2-1/2"]
[WhiteElo "2289"]
[BlackElo "2405"]
[Annotator "NA"]
[PlyCount "111"]
[EventDate "2019.08.02"]
[EventType "swiss"]
[EventCountry "ESP"]
[SourceTitle "playchess.com"]
[Source "ChessBase"]
[SourceQuality "1"]
[TimeControl "5400+30"]

1. e4 {[%emt 0:00:00]} c5 {[%emt 0:00:00]} 2. Nf3 {[%emt 0:00:03]} Nc6 3. d4 {[%emt 0:00:28]} cxd4 {[%emt 0:00:00]} 4. Nxd4 {[%emt 0:00:00]} Nf6 {[%emt 0:00:00]} 5. Nc3 {[%emt 0:04:27]} d6 {[%emt 0:02:21]} 6. Bc4 {[%emt 0:01:05]} Bd7 {[%emt 0:02:03]} 7. O-O {[%emt 0:05:36]} g6 {[%emt 0:02:37]} 8. h3 Bg7 {[%emt 0:00:14]} 9. Be3 {[%emt 0:00:56]} O-O {[%emt 0:08:15]} 10. Bb3 {[%emt 0:00:43]} Nxd4 {[%emt 0:01:12]} 11. Bxd4 {[%emt 0:06:19]} Bc6 {[%emt 0:14:43]} 12. Re1 {[%emt 0:05:02]} Nd7 {[%emt 0:00:21]} 13. Bxg7 {[%emt 0:08:00]} Kxg7 {[%emt 0:00:31]} 14. Qd4+ {[%emt 0:00:20]} Kg8 {[%emt 0:04:06]} 15. a4 {[%emt 0:11:57]} Qa5 {[%emt 0:23:46]} 16. Bd5 {[%emt 0:10:18]} Rfc8 {[%emt 0:01:45]} 17. Rad1 {[%emt 0:13:44]} Qb6 {[%emt 0:02:51]} 18. Qxb6 {[%emt 0:00:29]} Nxb6 {[%emt 0:01:05]} 19. Bb3 {[%emt 0:02:24]} Nd7 {[%emt 0:02:12]} 20. f4 {[%emt 0:04:23]} Nc5 {[%emt 0:01:04]} 21. g4 {[%emt 0:00:19]} Kg7 {[%emt 0:01:30]} 22. Kf2 {[%emt 0:01:15]} a5 {[%emt 0:01:16]} 23. e5 {[%emt 0:00:11]} Nxb3 {[%emt 0:00:30]} 24. cxb3 {[%emt 0:00:06]} dxe5 {[%emt 0:07:38]} 25. Rxe5 {[%emt 0:08:17]} Ra6 {[%emt 0:01:15]} 26. Rd2 Rb6 {[%emt 0:00:06]} 27. Rxa5 {[%emt 0:00:43]} Rxb3 {[%emt 0:02:58]} 28. Rc5 {[%emt 0:05:15]} Rb4 29. Kg3 {[%emt 0:00:06]} b6 {[%emt 0:01:04]} 30. Re5 {[%emt 0:00:46]} e6 {[%emt 0:00:46]} 31. a5 {[%emt 0:00:28]} b5 {[%emt 0:00:56]} 32. Rc5 {[%emt 0:02:23]} Rb3 {[%emt 0:00:46]} 33. Kh2 {[%emt 0:00:38]} Bb7 {[%emt 0:00:04]} 34. Rxc8 {[%emt 0:00:17]} Bxc8 {[%emt 0:00:05]} 35. Ne4 {[%emt 0:00:52]} Rb4 {[%emt 0:00:47]} 36. Nd6 Bd7 {[%emt 0:00:05]} 37. Nxf7 {[%emt 0:02:25]} Kxf7 {[%emt 0:00:04]} 38. Rxd7+ {[%emt 0:00:05]} Kf6 {[%emt 0:00:24]} 39. Rxh7 {[%emt 0:06:20]} Rxf4 {[%emt 0:00:23]} 40. a6 {[%emt 0:00:19]} Rb4 {[%emt 0:00:30]} 41. a7 {[%emt 0:00:30]} Rxb2+ {[%emt 0:00:00]} 42. Kg3 {[%emt 0:00:18]} Ra2 {[%emt 0:00:35]} 43. Rb7 {[%emt 0:00:25]} b4 {[%emt 0:00:17]} 44. Kf4 {[%emt 0:00:30]} g5+ {[%emt 0:02:32]} 45. Ke4 {[%emt 0:00:51]} b3 {[%emt 0:01:35]} 46. Kd3 {[%emt 0:00:09]} b2 {[%emt 0:01:48]} 47. Kc2 {[%emt 0:00:05]} Ke5 {[%emt 0:00:12]} 48. Kb1 {[%emt 0:00:05]} Ra6 {[%emt 0:00:11]} 49. Kxb2 Kf4 {[%emt 0:00:07]} 50. Rb4+ {[%emt 0:01:59]} Ke5 {[%emt 0:00:05]} 51. Rb7 {[%emt 0:01:45]} Kf4 {[%emt 0:00:58]} 52. Kc3 {[%emt 0:00:46]} e5 {[%emt 0:00:11]} 53. Kc4 {[%emt 0:01:05]} e4 {[%emt 0:00:24]} 54. Rh7 {[%emt 0:00:37]} Ra1 {[%emt 0:00:22]} 55. Kd4 {[%emt 0:00:25]} Ra4+ 56. Kc3 1/2-1/2

[Event "XLV Badalona Open 2019"]
[Site "Badalona"]
[Date "2019.08.08"]
[Round "7.8"]
[White "Fabregas Fontanet, Antonio"]
[Black "Bru Rullo, Samuel"]
[Result "0-1"]
[WhiteElo "1942"]
[BlackElo "1867"]
[Annotator "NA"]
[PlyCount "64"]
[EventDate "2019.08.02"]
[EventType "swiss"]
[EventCountry "ESP"]
[SourceTitle "playchess.com"]
[Source "ChessBase"]
[SourceQuality "1"]
[TimeControl "5400+30"]

1. e4 c5 2. Nf3 {[%emt 0:01:45]} a6 {[%emt 0:00:00]} 3. d4 cxd4 {[%emt 0:00:02]} 4. Nxd4 {[%emt 0:00:24]} Nf6 {[%emt 0:00:28]} 5. Nc3 e5 {[%emt 0:00:19]} 6. Nf3 {[%emt 0:01:24]} Bb4 7. Bd3 d5 {[%emt 0:01:10]} 8. exd5 {[%emt 0:00:54]} e4 9. O-O {[%emt 0:00:37]} Bxc3 {[%emt 0:03:30]} 10. bxc3 O-O {[%emt 0:00:36]} 11. Be2 {[%emt 0:00:32]} exf3 {[%emt 0:00:07]} 12. Bxf3 {[%emt 0:00:37]} Bf5 {[%emt 0:15:55]} 13. c4 {[%emt 0:00:38]} Qc8 {[%emt 0:04:22]} 14. Qd4 {[%emt 0:00:22]} Bxc2 {[%emt 0:08:19]} 15. c5 {[%emt 0:01:54]} Re8 {[%emt 0:01:04]} 16. Bf4 {[%emt 0:00:42]} Be4 17. Rac1 {[%emt 0:00:30]} Qf5 {[%emt 0:01:54]} 18. Bxb8 Bxf3 {[%emt 0:00:52]} 19. gxf3 {[%emt 0:00:48]} Raxb8 20. Rfd1 {[%emt 0:00:16]} Qxf3 {[%emt 0:01:24]} 21. Rc3 Qg4+ {[%emt 0:00:49]} 22. Qxg4 Nxg4 23. c6 {[%emt 0:01:22]} bxc6 {[%emt 0:00:42]} 24. dxc6 {[%emt 0:00:00]} Rbc8 {[%emt 0:00:54]} 25. c7 {[%emt 0:00:57]} Nf6 {[%emt 0:00:39]} 26. f3 {[%emt 0:00:39]} g6 {[%emt 0:00:36]} 27. Rd6 {[%emt 0:00:48]} Kg7 {[%emt 0:01:15]} 28. Rc5 {[%emt 0:00:40]} Re7 29. Rxa6 Rexc7 {[%emt 0:00:44]} 30. Rxc7 {[%emt 0:00:37]} Rxc7 31. Kg2 {[%emt 0:00:21]} Nh5 {[%emt 0:00:28]} 32. h4 {[%emt 0:00:21]} Rc4 0-1

[Event "XLV Badalona Open 2019"]
[Site "Badalona"]
[Date "2019.08.08"]
[Round "7.9"]
[White "Malonda Rey, Albert"]
[Black "Korobitsyna, Olesya"]
[Result "1-0"]
[WhiteElo "1806"]
[BlackElo "1609"]
[Annotator "NA"]
[PlyCount "39"]
[EventDate "2019.08.02"]
[EventType "swiss"]
[EventCountry "ESP"]
[SourceTitle "playchess.com"]
[Source "ChessBase"]
[SourceQuality "1"]
[TimeControl "5400+30"]

1. c4 {[%emt 0:00:00]} g6 {[%emt 0:05:31]} 2. Nc3 {[%emt 0:00:00]} Bg7 {[%emt 0:00:33]} 3. g3 {[%emt 0:00:00]} d6 {[%emt 0:01:33]} 4. Bg2 {[%emt 0:00:11]} Nf6 5. e4 {[%emt 0:00:24]} O-O {[%emt 0:00:44]} 6. Nge2 {[%emt 0:01:10]} Nbd7 {[%emt 0:02:58]} 7. O-O {[%emt 0:03:18]} a6 {[%emt 0:00:30]} 8. d3 {[%emt 0:01:07]} Rb8 {[%emt 0:02:48]} 9. a4 {[%emt 0:01:13]} b6 {[%emt 0:00:12]} 10. h3 {[%emt 0:02:01]} Bb7 {[%emt 0:02:11]} 11. Be3 {[%emt 0:02:55]} h6 {[%emt 0:01:25]} 12. f4 {[%emt 0:04:24]} e5 {[%emt 0:12:17]} 13. Kh2 {[%emt 0:05:43]} exf4 {[%emt 0:06:08]} 14. gxf4 {[%emt 0:11:41]} Nh7 {[%emt 0:07:26]} 15. f5 {[%emt 0:19:31]} g5 {[%emt 0:00:30]} 16. Nd4 {[%emt 0:02:13]} Ne5 {[%emt 0:05:22]} 17. Nf3 {[%emt 0:01:00]} g4 {[%emt 0:14:25]} 18. Nxe5 {[%emt 0:05:48]} Bxe5+ {[%emt 0:05:22]} 19. Bf4 {[%emt 0:09:54]} h5 {[%emt 0:12:18]} 20. Qd2 1-0

[Event "XLV Badalona Open 2019"]
[Site "Badalona"]
[Date "2019.08.09"]
[Round "8.1"]
[White "Sturt, Raven"]
[Black "Rojas Keim, Luis"]
[Result "1-0"]
[WhiteElo "2429"]
[BlackElo "2338"]
[Annotator "NA"]
[PlyCount "29"]
[EventDate "2019.08.02"]
[EventType "swiss"]
[EventCountry "ESP"]
[SourceTitle "playchess.com"]
[Source "ChessBase"]
[SourceQuality "1"]
[TimeControl "5400+30"]

1. d4 {[%emt 0:00:00]} Nf6 {[%emt 0:00:03]} 2. e3 {[%emt 0:00:00]} e6 {[%emt 0:00:35]} 3. Bd3 {[%emt 0:00:00]} c5 {[%emt 0:00:11]} 4. c3 {[%emt 0:01:44]} Be7 {[%emt 0:02:42]} 5. Nf3 cxd4 {[%emt 0:00:11]} 6. exd4 {[%emt 0:03:36]} b6 7. Qe2 {[%emt 0:02:03]} Bb7 {[%emt 0:00:44]} 8. O-O {[%emt 0:00:07]} O-O {[%emt 0:05:39]} 9. Bg5 Nd5 {[%emt 0:00:05]} 10. Bxe7 {[%emt 0:12:10]} Qxe7 11. Be4 f5 {[%emt 0:05:40]} 12. Bxd5 {[%emt 0:01:51]} Bxd5 {[%emt 0:00:14]} 13. Nbd2 {[%emt 0:01:34]} Bb7 {[%emt 0:04:59]} 14. Rfe1 {[%emt 0:05:33]} Qd6 15. a4 1-0

[Event "XLV Badalona Open 2019"]
[Site "Badalona"]
[Date "2019.08.09"]
[Round "8.2"]
[White "Berdayes Ason, Dylan Isidro"]
[Black "Mascaro March, Pedro"]
[Result "1/2-1/2"]
[WhiteElo "2461"]
[BlackElo "2376"]
[Annotator "ChessBase"]
[PlyCount "79"]
[EventDate "2019.08.02"]
[EventType "swiss"]
[EventCountry "ESP"]
[SourceTitle "playchess.com"]
[Source "ChessBase"]
[SourceQuality "1"]
[TimeControl "5400+30"]

1. e4 {[%emt 0:18:19]} e6 {[%emt 0:00:00]} 2. d4 {[%emt 0:00:02]} d5 {[%emt 0:00:00]} 3. Nd2 {[%emt 0:00:02]} dxe4 {[%emt 0:00:06]} 4. Nxe4 {[%emt 0:00:28]} Bd7 {[%emt 0:00:00]} 5. Nf3 {[%emt 0:00:02]} Bc6 {[%emt 0:00:06]} 6. Bd3 {[%emt 0:01:22]} Nd7 {[%emt 0:00:13]} 7. O-O {[%emt 0:00:13]} Ngf6 8. Ng3 {[%emt 0:00:07]} Be7 {[%emt 0:00:45]} 9. Re1 {[%emt 0:02:01]} O-O {[%emt 0:14:17]} 10. c3 {[%emt 0:00:03]} Bxf3 {[%emt 0:01:21]} 11. Qxf3 {[%emt 0:03:15]} c5 {[%emt 0:00:43]} 12. dxc5 {[%emt 0:00:06]} Nxc5 {[%emt 0:03:05]} 13. Bc2 {[%emt 0:09:21]} Qd5 {[%emt 0:03:16]} 14. Qe2 {[%emt 0:05:28]} a5 {[%emt 0:01:18]} 15. Rd1 {[%emt 0:00:47]} Qc6 {[%emt 0:02:54]} 16. Bg5 {[%emt 0:08:25]} Rfd8 {[%emt 0:23:36]} 17. Nh5 {[%emt 0:11:29]} Ncd7 18. Nxf6+ {[%emt 0:00:02]} Nxf6 {[%emt 0:06:17]} 19. h3 h6 {[%emt 0:05:40]} 20. Bh4 {[%emt 0:04:13]} Qb6 21. Ba4 {[%emt 0:04:26]} Qc7 {[%emt 0:08:53]} 22. Bg3 Bd6 {[%emt 0:00:16]} 23. Rxd6 {[%emt 0:01:15]} Rxd6 {[%emt 0:00:06]} 24. Bxd6 {[%emt 0:00:22]} Qxd6 25. Rd1 {[%emt 0:00:17]} Qb6 {[%emt 0:01:57]} 26. Qb5 {[%emt 0:00:02]} Qxb5 {[%emt 0:01:43]} 27. Bxb5 Kf8 28. Be2 {[%emt 0:05:43]} Ke7 {[%emt 0:01:21]} 29. Bf3 {[%emt 0:00:00]} Rb8 {[%emt 0:01:54]} 30. Kf1 {[%emt 0:05:07]} Nd7 {[%emt 0:01:44]} 31. Rd4 {[%emt 0:03:20]} Ne5 32. Be4 {[%emt 0:00:21]} g5 {[%emt 0:01:01]} 33. Ke2 {[%emt 0:00:06]} f5 {[%emt 0:03:05]} 34. Bc2 {[%emt 0:01:15]} Nc6 {[%emt 0:03:46]} 35. Rd1 h5 36. g3 {[%emt 0:04:05]} h4 {[%emt 0:00:48]} 37. gxh4 {[%emt 0:00:08]} gxh4 {[%emt 0:00:04]} 38. Rg1 {[%emt 0:00:21]} Kf6 {[%emt 0:00:47]} 39. f4 {[%emt 0:02:03]} Rd8 40. Bb3 {Ke5} 1/2-1/2

[Event "XLV Badalona Open 2019"]
[Site "Badalona"]
[Date "2019.08.09"]
[Round "8.3"]
[White "Umetsubo, Cesar Hidemitsu"]
[Black "Lopez Gonzalez, Abel Fabian"]
[Result "1/2-1/2"]
[WhiteElo "2406"]
[BlackElo "2355"]
[Annotator "TA"]
[PlyCount "39"]
[EventDate "2019.08.02"]
[EventType "swiss"]
[EventCountry "ESP"]
[SourceTitle "playchess.com"]
[Source "ChessBase"]
[SourceQuality "1"]

{[%evp 12,39,38,45,33,61,69,38,25,21,21,28,22,23,27,30,34,20,25,14,13,19,34,15,23,18,33,21,33,27]} 1. d4 d5 2. c4 e6 3. Nc3 ({Predecessor:} 3. Nf3 c5 4. cxd5 exd5 {1-0 (39) Hildebrand,G (2383)-Andersen,J (2198) ICCF email 2012}) 3... c5 4. cxd5 exd5 5. Nf3 Nc6 6. dxc5 d4 7. Na4 Bxc5 {[%mdl 64] [#] Decoy. D32: Tarrasch Defence: Sidelines and lines without g3} 8. Nxc5 {Strongly threatening Nb3.} Qa5+ 9. Bd2 Qxc5 10. Rc1 Qb6 $146 (10... Qe7 11. e3 Nf6 12. Be2 O-O 13. O-O Rd8 14. Nxd4 Nxd4 15. exd4 Rxd4 {½-½ (71) Jakovenko,D (2749)-Mamedov,R (2708) Ankara 2018}) 11. e3 Nf6 12. Bc4 dxe3 13. Bxe3 Qb4+ 14. Qd2 Qxd2+ 15. Kxd2 O-O 16. Rhd1 Ng4 17. h3 Rd8+ 18. Ke2 Rxd1 19. Rxd1 Nxe3 20. Kxe3 1/2-1/2